| 000 | 00557nam a2200217Ia 4500 | ||
|---|---|---|---|
| 005 | 20250425162823.0 | ||
| 008 | 250425s9999 xx 000 0 und d | ||
| 020 | _a0352045600 | ||
| 041 | _aeng | ||
| 044 | _a-us | ||
| 100 | _aOBERT, EDWARD F. | ||
| 245 | 0 | _aINTERNAL COMBUSTION ENGINES AND AIR POLLUTION | |
| 250 | _a3RD ED. | ||
| 264 |
_aEstados Unidos, NEW YORK _bHARPER & ROW _c1973. |
||
| 300 | _a740 | ||
| 650 | _aAIRE COMPRIMIDO | ||
| 650 | _aMOTORES DE COMBUSTION INTERNA | ||
| 650 | _aTERMODINAMICA | ||
| 942 | _c01 | ||
| 010 | _a110343 | ||
| 999 |
_c237104 _d237104 |
||